| 000 | 00362nam a22001577a 4500 | ||
|---|---|---|---|
| 003 | OSt | ||
| 020 | _a9789380027067 | ||
| 040 |
_c0 _d0 |
||
| 082 |
_222 _a577.05 |
||
| 100 | _aSrivastava, Smriti | ||
| 245 | _aEnvironment and ecology / | ||
| 250 | _a1st ed | ||
| 260 |
_aNew Delhi, _bS.K Kataria and Sons, _cc2010 |
||
| 300 |
_a294 p. ; _bill. ; |
||
| 942 |
_2ddc _cGEN |
||
| 999 |
_c4829 _d4829 |
||